| 000 | 00400cam a2200145 4500 | ||
|---|---|---|---|
| 082 |
_a296 _bZIA _cL-31,P-84 |
||
| 100 | 1 |
_aZia, Shakil Ahmed. _937195 |
|
| 245 | 1 | 2 | _aA history of Jewish crimes. |
| 260 |
_aKarachi, _bAsian Book Centre _c[1969] |
||
| 300 |
_ax, 264 p. _billus. _c22 cm. |
||
| 526 |
_a0 _b0 _c0 _d296_000000000000000_ZIA |
||
| 650 | 0 |
_aJews. _937196 |
|
| 650 | 0 |
_aMCE _9379 |
|
| 942 |
_2ddc _cBK |
||
| 999 |
_c542094 _d542094 |
||